000 00414pam a2200157a 44500
008 230515b2011 xxu||||| |||| 00| 0 eng d
020 _a9.78111E+12
041 _aENGLISH
082 _a628.52/GUL
100 _aGULLIVER JOHN S.
245 _aINTRODUCTION TO CHEMICAL TRANSPORT IN THE ENVIRONMENT
250 _aNULL
260 _aPUNE
_bCAMBRIDGE UNIVERSITY PRESS
_c2011
300 _aX288 PB
650 _aNULL
999 _c662693
_d662693